Digital integrated electronics (Record no. 5180)

MARC details
000 -LEADER
fixed length control field 00788nam a2200169Ia 4500
003 - CONTROL NUMBER IDENTIFIER
control field SGT
020 ## - INTERNATIONAL STANDARD BOOK NUMBER
International Standard Book Number 9780070857889
082 ## - DEWEY DECIMAL CLASSIFICATION NUMBER
Classification number 621.381
Item number TAU
100 ## - MAIN ENTRY--PERSONAL NAME
Personal name Taub,Herbert
245 ## - TITLE STATEMENT
Title Digital integrated electronics
260 ## - PUBLICATION, DISTRIBUTION, ETC. (IMPRINT)
Name of publisher, distributor, etc Tata McGraw Hill Education Private Limited
Place of publication, distribution, etc New Delhi
Year of Publication 1977
300 ## - PAGE DESCRIPTION
No. of Pages 650p.
650 ## - SUBJECT ADDED ENTRY--TOPICAL TERM
Topical term or geographic name as entry element ELECTRONICS ENGINEERING
653 ## - KEYWORDS--INDEX TERM
Keyword term ELECTRONICS DEVICE, OPERATIONAL AMPLIFIERS AND COMMEMORATORS, LOGIC CIRCUITS, RESISTOR TRANSISTOR LOGIC AND INTEGRATED INJECTION LOGIC, DIODE TRANSISTOR LOGIC, TRANSISTOR TRANSISTOR LOGIC, EMITTER COUPLED LOGIC, MOS GATES, FLIP FLOP, REGISTERS AND COUNTERS, ARITHMETIC OPERATIONS, SEMICONDUCTOR MEMORIES, ANALOG SWITCHES, ANALOG TO DIGITAL CONVERSION, TIMING CIRCUITS
700 ## - ADDED ENTRY--PERSONAL NAME
Personal name Schilling,Donals
942 ## - ADDED ENTRY ELEMENTS (KOHA)
Source of classification or shelving scheme Dewey Decimal Classification
Koha item type Books
942 ## - ADDED ENTRY ELEMENTS (KOHA)
-- 12
Holdings
Withdrawn status Lost status Source of classification or shelving scheme Damaged status Not for loan Home library Current library Date acquired SGTU Total Checkouts Full call number Accession No. (Barcode) Date last seen Date last borrowed Bill Date Koha item type Use restrictions Shelving location Total Renewals
    Dewey Decimal Classification     SGT Engineering Library SGT Engineering Library 24/06/2011 SGTU 2 621.381 TAU FE3092 09/09/2024 26/08/2024 09/02/2015 Books      
    Dewey Decimal Classification     SGT Engineering Library SGT Engineering Library 24/06/2011 SGTU 2 621.381 TAU FE3093 14/09/2024 03/09/2024 09/02/2015 Books      
    Dewey Decimal Classification   Not For Loan SGT Engineering Library SGT Engineering Library 24/06/2011 SGTU 2 621.381 TAU FE3094 15/04/2019 02/04/2019 09/02/2015 Books Restricted Access Reference Book  
    Dewey Decimal Classification     SGT Engineering Library SGT Engineering Library 24/06/2011 SGTU 5 621.381 TAU FE3095 11/09/2024 09/09/2024 09/02/2015 Books     3
    Dewey Decimal Classification     SGT Engineering Library SGT Engineering Library 24/06/2011 SGTU 5 621.381 TAU FE3096 10/12/2024 03/12/2024 09/02/2015 Books